000 00437nam a22001697a 4500
005 20180725104617.0
008 160514b xxu||||| |||| 00| 0 eng d
020 _a81-25-0936-2
041 _aeng
082 _b2383
_a658.3
100 _aM.N. Mishra
_9651
245 _aUnderstanding Organizational Behaviour
260 _aNew Delhi
_bVikas Publishing House (P) Ltd.
_c2010
300 _a478p,
650 _aManagement
_9241
942 _cBK
999 _c854
_d854